<?xml version="1.0" encoding="UTF-8"?><?xml-stylesheet type="text/xsl" href="static/style.xsl"?><OAI-PMH xmlns="http://www.openarchives.org/OAI/2.0/" xmlns:xsi="http://www.w3.org/2001/XMLSchema-instance" xsi:schemaLocation="http://www.openarchives.org/OAI/2.0/ http://www.openarchives.org/OAI/2.0/OAI-PMH.xsd"><responseDate>2026-04-17T14:03:54Z</responseDate><request verb="GetRecord" identifier="oai:www.recercat.cat:2117/169515" metadataPrefix="marc">https://recercat.cat/oai/request</request><GetRecord><record><header><identifier>oai:recercat.cat:2117/169515</identifier><datestamp>2025-07-22T22:35:25Z</datestamp><setSpec>com_2072_1033</setSpec><setSpec>col_2072_452951</setSpec></header><metadata><record xmlns="http://www.loc.gov/MARC21/slim" xmlns:dcterms="http://purl.org/dc/terms/" xmlns:xsi="http://www.w3.org/2001/XMLSchema-instance" xmlns:doc="http://www.lyncode.com/xoai" xsi:schemaLocation="http://www.loc.gov/MARC21/slim http://www.loc.gov/standards/marcxml/schema/MARC21slim.xsd">
   <leader>00925njm 22002777a 4500</leader>
   <datafield ind2=" " ind1=" " tag="042">
      <subfield code="a">dc</subfield>
   </datafield>
   <datafield ind2=" " ind1=" " tag="720">
      <subfield code="a">Parrales Marcillo, Victor Adrián</subfield>
      <subfield code="e">author</subfield>
   </datafield>
   <datafield ind2=" " ind1=" " tag="260">
      <subfield code="c">2019-07-02</subfield>
   </datafield>
   <datafield ind2=" " ind1=" " tag="520">
      <subfield code="a">En aquest projecte la meva funció a desenvolupar va ser com a par de la director facultativa, portant la direcció d’execució de les obres. Degut a que aquesta obra va finalitzar a mitjans de gener del 2019 explicaré en aquest treball de fi de grau com ha sigut la meva experiència durant tot aquet procés.&#xd;
L’encàrrec cercava transformar l’escola Montpedrós en un institut. On convivien en el mateix solar dos institucions acadèmiques. L’edifici principal que acollida: aules infantils, primària i ESO, mentre que la construcció auxiliar i provisional situada al sector nord oest acollia: aules, laboratoris, tallers i altres dependències de l’institut.&#xd;
L'objecte del pressent projecte era la ampliació i adequació dels espais vuits de l’Escola Montpedros en l’Institut Montpedros a Santa Coloma de Cervelló.&#xd;
L’encàrrec esdevé com a conseqüència de la adjudicació del Contracte de serveis per l’Assistència tècnica per a la redacció del projecte bàsic i d’execució i la posterior direcció de les obres.&#xd;
El solar esta situat al extrem sud del municipi. Delimitat al nord pel carrer Esquirol i pel carrer Can Via. Al seu voltant un teixit heterogeni de ciutat jardí desenvolupat en diverses èpoques.&#xd;
En una primera previsió de l’encàrrec la superfície d’actuació prevista era de 990 m2 de nova planta i 300 m2 d’adequació o reforma. Posteriorment en el projecte bàsic es va ajustar a 1158,54 m2 de nova planta. I finalment en aquest projecte d’Execució en la solució que es plantejava es va acabar ajustant a 1200,75 m2 de nova planta. El solar de 4.493 m2 s’ajusta al sector sud-est on hi ha vestit l’edifici actual.</subfield>
   </datafield>
   <datafield tag="653" ind2=" " ind1=" ">
      <subfield code="a">Àrees temàtiques de la UPC::Edificació::Gestió d'obres</subfield>
   </datafield>
   <datafield tag="653" ind2=" " ind1=" ">
      <subfield code="a">School buildings</subfield>
   </datafield>
   <datafield tag="653" ind2=" " ind1=" ">
      <subfield code="a">Edificis escolars -- Catalunya -- Santa Coloma de Cervelló</subfield>
   </datafield>
   <datafield ind2="0" ind1="0" tag="245">
      <subfield code="a">Reconversió-adequació-ampliació de l'escola Montpedrós en Institut</subfield>
   </datafield>
</record></metadata></record></GetRecord></OAI-PMH>